[Event "Olimpiada Calviá 2004"]
[Site "Calviá ESP"]
[Date "2004.10.16"]
[Round "2.4"]
[White "Ahmed, Sk  Nasir"]
[Black "Haba, Petr"]
[Result "0-1"]
[WhiteElo "2359"]
[BlackElo "2520"]
[PlyCount "154"]
[EventDate "2004.10.15"]
[EventType "team"]
[EventRounds "14"]
[EventCountry "ESP"]
[Source "lmi"]
[SourceDate "2004.10.27"]

1. e4 c6 2. d4 d5 3. exd5 cxd5 4. c4 Nf6 5. Nc3 e6 6. Nf3 Bb4 7. cxd5 exd5 8.
Bd3 O-O 9. O-O Nc6 10. Bg5 Bxc3 11. bxc3 Qd6 12. Nd2 h6 13. Bh4 Re8 14. Qb3 Ne4
15. Rfe1 Be6 16. Bxe4 dxe4 17. Nxe4 Bxb3 18. Nxd6 Rxe1+ 19. Rxe1 Bxa2 20. Nxb7
Rb8 21. Nc5 Rb2 22. h3 Rc2 23. Re8+ Kh7 24. Rc8 Bd5 25. Nd7 Rxc3 26. Nf8+ Kg8
27. Ng6+ Kh7 28. Ne7 Nxd4 29. Rd8 Ne2+ 30. Kf1 Nf4 31. f3 Rc1+ 32. Kf2 Rc2+ 33.
Ke3 Nxg2+ 34. Kd3 Bb3 35. Bg3 Rc5 36. Rb8 Be6 37. h4 Ra5 38. Rb2 Ra3+ 39. Ke2
Ra4 40. h5 Nf4+ 41. Ke3 Nd5+ 42. Nxd5 Bxd5 43. Bd6 Ra6 44. Bc5 Re6+ 45. Kf2 Rf6
46. Bxa7 Rxf3+ 47. Kg1 Rg3+ 48. Kh2 Rg5 49. Bd4 Rxh5+ 50. Kg3 Be6 51. Rb8 Rg5+
52. Kf2 Rg4 53. Be5 h5 54. Kf3 Bd5+ 55. Kf2 h4 56. Rd8 Be4 57. Rd7 f5 58. Rc7
Rg2+ 59. Kf1 Rg4 60. Rc3 Kh6 61. Rc8 g5 62. Rh8+ Kg6 63. Rg8+ Kf7 64. Rh8 f4
65. Rh6 Bg6 66. Kf2 Ke6 67. Bb8 Kf6 68. Rh8 Rg3 69. Bc7 Rc3 70. Rf8+ Ke7 71.
Rc8 Rc2+ 72. Kf3 Kd7 73. Rg8 Bh5+ 74. Ke4 Rc4+ 75. Kf5 Kxc7 76. Kxg5 h3 77. Ra8
h2 0-1

[Event "Olimpiada Calviá 2004"]
[Site "Calviá ESP"]
[Date "2004.10.16"]
[Round "2.6"]
[White "Mahjoob, Morteza"]
[Black "Andersson, Ulf"]
[Result "1/2-1/2"]
[WhiteElo "2455"]
[BlackElo "2580"]
[PlyCount "31"]
[EventDate "2004.10.15"]
[EventType "team"]
[EventRounds "14"]
[EventCountry "ESP"]
[Source "lmi"]
[SourceDate "2004.10.27"]

1. e4 e6 2. d4 d5 3. Nd2 c5 4. Ngf3 Nc6 5. exd5 exd5 6. Bb5 Bd6 7. O-O Nge7 8.
c4 O-O 9. cxd5 Nxd5 10. Ne4 Nxd4 11. Nxd4 cxd4 12. Nxd6 Qxd6 13. Qxd4 Be6 14.
Bc4 Rfd8 15. Bg5 f6 16. Bxd5 1/2-1/2

[Event "Olimpiada Calviá 2004"]
[Site "Calviá ESP"]
[Date "2004.10.16"]
[Round "2.6"]
[White "Hillarp Persson, Tiger"]
[Black "Moradiabadi, Elshan"]
[Result "1/2-1/2"]
[WhiteElo "2523"]
[BlackElo "2445"]
[PlyCount "63"]
[EventDate "2004.10.15"]
[EventType "team"]
[EventRounds "14"]
[EventCountry "ESP"]
[Source "lmi"]
[SourceDate "2004.10.27"]

1. d4 Nf6 2. c4 g6 3. Nc3 Bg7 4. e4 d6 5. Nge2 O-O 6. f3 c5 7. d5 e6 8. Ng3
exd5 9. cxd5 Na6 10. Be2 Rb8 11. O-O Nc7 12. a4 a6 13. Bg5 h6 14. Be3 b5 15.
axb5 axb5 16. b4 Nd7 17. Rc1 cxb4 18. Na2 Na6 19. Qd2 Ndc5 20. Rb1 b3 21. Nb4
Nxb4 22. Qxb4 b2 23. Rxb2 Na6 24. Qd2 Bxb2 25. Qxb2 Kh7 26. Qd2 h5 27. Bd3 Nc5
28. Bxc5 dxc5 29. e5 Kg7 30. Bb1 c4 31. Ne4 Bf5 32. Nf6 1/2-1/2

[Event "Olimpiada Calviá 2004"]
[Site "Calviá ESP"]
[Date "2004.10.16"]
[Round "2.8"]
[White "Neubauer, Martin"]
[Black "Ostenstad, Berge"]
[Result "1/2-1/2"]
[WhiteElo "2440"]
[BlackElo "2506"]
[PlyCount "37"]
[EventDate "2004.10.15"]
[EventType "team"]
[EventRounds "14"]
[EventCountry "ESP"]
[Source "lmi"]
[SourceDate "2004.10.27"]

1. e4 e6 2. d4 d5 3. Nc3 Bb4 4. exd5 exd5 5. Bd3 Nc6 6. a3 Bxc3+ 7. bxc3 Nce7
8. Ne2 Bf5 9. O-O Qd7 10. a4 Nf6 11. Bg5 Ne4 12. Bxe7 Kxe7 13. Ng3 Nxg3 14.
fxg3 Bxd3 15. Qxd3 Rae8 16. c4 f6 17. Rfb1 dxc4 18. Qxc4 Qc6 19. Qb4+ 1/2-1/2

[Event "Olimpiada Calviá 2004"]
[Site "Calviá ESP"]
[Date "2004.10.16"]
[Round "2.8"]
[White "Danner, Georg"]
[Black "Elsness, Frode"]
[Result "1/2-1/2"]
[WhiteElo "2436"]
[BlackElo "2425"]
[PlyCount "97"]
[EventDate "2004.10.15"]
[EventType "team"]
[EventRounds "14"]
[EventCountry "ESP"]
[Source "lmi"]
[SourceDate "2004.10.27"]

1. d4 Nf6 2. Nf3 g6 3. c4 Bg7 4. Nc3 d5 5. cxd5 Nxd5 6. e4 Nxc3 7. bxc3 c5 8.
Be3 Qa5 9. Qd2 O-O 10. Rc1 cxd4 11. cxd4 Qxd2+ 12. Kxd2 Rd8 13. d5 e6 14. Bc4
Nc6 15. Rhd1 Na5 16. Ke1 Nxc4 17. Rxc4 exd5 18. exd5 Bd7 19. a4 b5 20. axb5
Bxb5 21. Rc5 Ba4 22. Rb1 Bf8 23. Ra5 Bc2 24. Rb2 Be4 25. Rxa7 Rxa7 26. Bxa7
Bxd5 27. Rb8 Rxb8 28. Bxb8 f6 29. Kf1 Kf7 30. Ba7 h5 31. h3 g5 32. Bd4 Kg6 33.
Bc3 Bc5 34. Nd4 f5 35. Nf3 f4 36. Nd4 g4 37. hxg4 hxg4 38. Ne2 Bc4 39. Ke1 Kf5
40. Bd2 Bd6 41. Bc1 Bd5 42. Kf1 Bb7 43. Kg1 Ba6 44. Nxf4 Bxf4 45. Bxf4 Kxf4 46.
Kh2 Bc8 47. Kg1 Bb7 48. Kh2 Bc6 49. Kg1 1/2-1/2

[Event "Olimpiada Calviá 2004"]
[Site "Calviá ESP"]
[Date "2004.10.16"]
[Round "2.9"]
[White "Winants, Luc"]
[Black "Ftacnik, Lubomir"]
[Result "1/2-1/2"]
[WhiteElo "2519"]
[BlackElo "2533"]
[PlyCount "49"]
[EventDate "2004.10.15"]
[EventType "team"]
[EventRounds "14"]
[EventCountry "ESP"]
[Source "lmi"]
[SourceDate "2004.10.27"]

1. d4 d6 2. e4 Nf6 3. Nc3 g6 4. Bg5 h6 5. Bh4 g5 6. Bg3 c6 7. a3 Qb6 8. Be2 d5
9. e5 Ne4 10. Nxe4 dxe4 11. b4 a5 12. c3 Bf5 13. f3 e3 14. f4 Na6 15. Nf3 Nc7
16. fxg5 Nd5 17. Qc1 hxg5 18. O-O e6 19. Ne1 Bh6 20. Nd3 O-O 21. Nc5 Rfd8 22.
Bd3 Bxd3 23. Nxd3 axb4 24. Nxb4 c5 25. Nxd5 1/2-1/2

[Event "Olimpiada Calviá 2004"]
[Site "Calviá ESP"]
[Date "2004.10.16"]
[Round "2.9"]
[White "Manik, Mikulas"]
[Black "Cekro, Ekrem"]
[Result "1-0"]
[WhiteElo "2510"]
[BlackElo "2433"]
[PlyCount "53"]
[EventDate "2004.10.15"]
[EventType "team"]
[EventRounds "14"]
[EventCountry "ESP"]
[Source "lmi"]
[SourceDate "2004.10.27"]

1. e4 d6 2. d4 Nf6 3. Nc3 g6 4. g3 Bg7 5. Bg2 O-O 6. Nge2 e5 7. h3 Nc6 8. Be3
exd4 9. Nxd4 Ne5 10. b3 a6 11. O-O Re8 12. Re1 Bd7 13. f4 Nc6 14. Qd2 Nxd4 15.
Bxd4 c5 16. Bf2 Bc6 17. Rad1 Qa5 18. Re3 Rad8 19. Rd3 Rd7 20. g4 Qb4 21. e5
dxe5 22. Rxd7 Bxd7 23. g5 Bg4 24. hxg4 Nxg4 25. Qd7 Rf8 26. Nd5 Qa3 27. Qxg4
1-0

[Event "Olimpiada Calviá 2004"]
[Site "Calviá ESP"]
[Date "2004.10.16"]
[Round "2.9"]
[White "Van Der Stricht, Geert"]
[Black "Timoscenko, Gennadij"]
[Result "0-1"]
[WhiteElo "2413"]
[BlackElo "2504"]
[PlyCount "172"]
[EventDate "2004.10.15"]
[EventType "team"]
[EventRounds "14"]
[EventCountry "ESP"]
[Source "lmi"]
[SourceDate "2004.10.27"]

1. d4 d5 2. c4 c6 3. Nc3 Nf6 4. e3 a6 5. Qc2 g6 6. Bd3 Bg7 7. Nf3 Bg4 8. Qb3
Bxf3 9. gxf3 b6 10. cxd5 cxd5 11. Bd2 O-O 12. Rc1 Nbd7 13. f4 e6 14. a4 Qb8 15.
Na2 Rc8 16. Ke2 Ne4 17. Rxc8+ Qxc8 18. Rc1 Qd8 19. Be1 Qh4 20. Bxe4 dxe4 21.
Rc7 Rd8 22. Nc3 Qg4+ 23. Kf1 Qh3+ 24. Ke2 Bxd4 25. Nxe4 Nc5 26. Nxc5 Bxc5 27.
a5 Qh5+ 28. Kf1 bxa5 29. Qc2 Bb4 30. Rc8 Qb5+ 31. Kg1 Qd7 32. Rxd8+ Qxd8 33.
Bc3 Qc7 34. Qb3 Bxc3 35. bxc3 Qc5 36. h3 Qb5 37. Qa3 a4 38. Qd6 Qd5 39. Qxa6
Qd1+ 40. Kg2 Qb3 41. f5 exf5 42. Qc8+ Kg7 43. Qc5 Qb7+ 44. Kg3 Qa8 45. Qa3 Qc6
46. Qb4 Qa8 47. Qa3 Qb8+ 48. f4 Qb3 49. Qc5 h5 50. Qd4+ Kh7 51. c4 a3 52. c5 a2
53. c6 Qb1 54. c7 a1=Q 55. Qxa1 Qxa1 56. c8=Q Qe1+ 57. Kf3 Qf1+ 58. Kg3 Qe1+
59. Kf3 Qf1+ 60. Kg3 Qg1+ 61. Kf3 Qh2 62. Qf8 Qxh3+ 63. Ke2 Qg2+ 64. Ke1 Qg1+
65. Ke2 Qg2+ 66. Ke1 Qa2 67. Kf1 Qe6 68. Kf2 f6 69. Qd8 Kg7 70. Qc7+ Qf7 71.
Qd8 Qa7 72. Qe8 h4 73. Kg2 Qa2+ 74. Kh3 g5 75. fxg5 fxg5 76. Qe7+ Kg6 77. Qe8+
Qf7 78. Qc6+ Kh5 79. Qa8 g4+ 80. Kg2 Qf6 81. Qe8+ Kh6 82. Qb8 Qc6+ 83. Kg1 Qc1+
84. Kf2 Qd2+ 85. Kf1 Qd1+ 86. Kg2 h3+ 0-1

[Event "Olimpiada Calviá 2004"]
[Site "Calviá ESP"]
[Date "2004.10.16"]
[Round "2.11"]
[White "Atalik, Suat"]
[Black "Matamoros Franco, Carlos S"]
[Result "1/2-1/2"]
[WhiteElo "2541"]
[BlackElo "2513"]
[PlyCount "55"]
[EventDate "2004.10.15"]
[EventType "team"]
[EventRounds "14"]
[EventCountry "ESP"]
[Source "lmi"]
[SourceDate "2004.10.27"]

1. d4 Nf6 2. c4 g6 3. Nc3 Bg7 4. e4 d6 5. Bd3 O-O 6. Nge2 e5 7. d5 c6 8. O-O
Na6 9. a3 Bd7 10. b4 cxd5 11. cxd5 Nh5 12. Be3 f5 13. exf5 gxf5 14. f3 Nf4 15.
Bxa6 bxa6 16. Nxf4 exf4 17. Bd4 Be5 18. Re1 Qf6 19. Bxe5 dxe5 20. Na4 Bxa4 21.
Qxa4 Rad8 22. Rad1 Rd6 23. Qc2 Rfd8 24. Qc5 R8d7 25. h3 h5 26. Rd2 Kh7 27. Kh1
Kh6 28. Qc4 1/2-1/2

[Event "Olimpiada Calviá 2004"]
[Site "Calviá ESP"]
[Date "2004.10.16"]
[Round "2.11"]
[White "Mieles Palau, Daniel"]
[Black "Predojevic, Borki"]
[Result "0-1"]
[WhiteElo "2486"]
[BlackElo "2509"]
[PlyCount "92"]
[EventDate "2004.10.15"]
[EventType "team"]
[EventRounds "14"]
[EventCountry "ESP"]
[Source "lmi"]
[SourceDate "2004.10.27"]

1. c4 e5 2. Nc3 Bb4 3. g3 Bxc3 4. dxc3 Nc6 5. Bg2 Nge7 6. Nf3 d6 7. O-O O-O 8.
e4 Be6 9. Nd2 Qd7 10. Re1 h6 11. b3 f5 12. exf5 Rxf5 13. Ne4 Rf7 14. Be3 Raf8
15. f3 b6 16. Qe2 Bh3 17. Bh1 Bf5 18. Bg2 Qe6 19. Rad1 Qg6 20. Rf1 Nd8 21. Bc1
Kh8 22. Rfe1 Ne6 23. Rf1 Ng8 24. Rfe1 Nf6 25. Nxf6 Qxf6 26. Be3 g5 27. h3 Rg7
28. Rf1 Nf4 29. Bxf4 exf4 30. g4 Bd7 31. Qd2 Re7 32. Rfe1 Rfe8 33. Rxe7 Rxe7
34. Re1 Rxe1+ 35. Qxe1 Qe5 36. Qxe5+ dxe5 37. Bf1 Bc6 38. Kf2 e4 39. fxe4 Bxe4
40. b4 Kg7 41. Be2 Kf6 42. a3 Ke5 43. Bf1 Bc2 44. Bg2 Bb3 45. Bf1 Ke4 46. Be2
c5 0-1

[Event "Olimpiada Calviá 2004"]
[Site "Calviá ESP"]
[Date "2004.10.16"]
[Round "2.11"]
[White "Pazos Gambarrotti, Plinio"]
[Black "Bogut, Zeljko"]
[Result "1/2-1/2"]
[WhiteElo "2400"]
[BlackElo "2405"]
[PlyCount "57"]
[EventDate "2004.10.15"]
[EventType "team"]
[EventRounds "14"]
[EventCountry "ESP"]
[Source "lmi"]
[SourceDate "2004.10.27"]

1. d4 d5 2. Nf3 Nf6 3. c4 e6 4. Nc3 c6 5. cxd5 exd5 6. Bg5 Be7 7. e3 O-O 8. Qc2
Nbd7 9. Bd3 Re8 10. O-O Nf8 11. Rab1 a5 12. a3 g6 13. b4 axb4 14. axb4 Ne6 15.
Bh4 Ng7 16. b5 Bf5 17. bxc6 bxc6 18. Ne5 Rc8 19. Bxf5 Nxf5 20. Bxf6 Bxf6 21.
Nd3 Be7 22. Na4 Bd6 23. Rb6 Re6 24. Rfb1 Qh4 25. h3 Qg5 26. Nac5 Ree8 27. Nb7
Nh4 28. f4 Qe7 29. Nxd6 1/2-1/2

[Event "Olimpiada Calviá 2004"]
[Site "Calviá ESP"]
[Date "2004.10.16"]
[Round "2.12"]
[White "Antonio, Rogelio"]
[Black "Mosquera, Miguel"]
[Result "1-0"]
[WhiteElo "2524"]
[BlackElo "2394"]
[PlyCount "65"]
[EventDate "2004.10.15"]
[EventType "team"]
[EventRounds "14"]
[EventCountry "ESP"]
[Source "lmi"]
[SourceDate "2004.10.27"]

1. e4 Nf6 2. e5 Nd5 3. d4 d6 4. Nf3 dxe5 5. Nxe5 Nd7 6. Nf3 e6 7. c4 N5f6 8.
Nc3 Bb4 9. Be2 b6 10. Qa4 Bxc3+ 11. bxc3 Bb7 12. O-O O-O 13. Bf4 c5 14. Rfd1
Qe7 15. Qa3 Rfc8 16. Re1 h6 17. Rad1 Nh5 18. Be3 Qf6 19. d5 exd5 20. cxd5 Nf4
21. Bb5 Nf8 22. Bxf4 Qxf4 23. Re7 Rc7 24. Rxc7 Qxc7 25. Bf1 Rd8 26. c4 Ng6 27.
Qxa7 Ra8 28. d6 Qd7 29. Qxb6 Bxf3 30. gxf3 Nh4 31. Rd3 Qf5 32. d7 Qg6+ 33. Qxg6
1-0

[Event "Olimpiada Calviá 2004"]
[Site "Calviá ESP"]
[Date "2004.10.16"]
[Round "2.12"]
[White "Barrientos, Sergio"]
[Black "Paragua, Mark"]
[Result "1/2-1/2"]
[WhiteElo "2435"]
[BlackElo "2534"]
[PlyCount "150"]
[EventDate "2004.10.15"]
[EventType "team"]
[EventRounds "14"]
[EventCountry "ESP"]
[Source "lmi"]
[SourceDate "2004.10.27"]

1. e4 c5 2. Nf3 d6 3. d4 cxd4 4. Nxd4 Nf6 5. Nc3 Nc6 6. Be3 e5 7. Ndb5 a6 8.
Na3 b5 9. Nd5 Nxd5 10. exd5 Ne7 11. c4 Nf5 12. Bd2 bxc4 13. Nxc4 a5 14. Bd3 Be7
15. O-O O-O 16. Qe1 a4 17. Ba5 Qe8 18. Nb6 Ra7 19. Rc1 Bd7 20. Nxd7 Qxd7 21.
Bb6 Rb7 22. Qa5 Nh4 23. Rc4 g6 24. Rfc1 Bg5 25. R1c2 Bf4 26. h3 Qe7 27. Rc8
Rxc8 28. Rxc8+ Kg7 29. Bd8 Qd7 30. Rc7 Rxc7 31. Qxc7 Nf3+ 32. Kh1 Qxc7 33. Bxc7
Nd4 34. g3 e4 35. Bxe4 Be5 36. f4 Ne2 37. fxe5 Nxg3+ 38. Kg2 Nxe4 39. exd6 Nf6
40. Bd8 Nd7 41. Kf3 f6 42. Ke4 Kf7 43. Ba5 f5+ 44. Kf4 Nf6 45. Ke5 Nd7+ 46. Kf4
Nf6 47. b3 axb3 48. axb3 Nxd5+ 49. Ke5 Nf6 50. b4 f4 51. b5 f3 52. Be1 h6 53.
Bf2 Nd7+ 54. Kd5 g5 55. b6 h5 56. b7 h4 57. Ke4 Ke6 58. Kxf3 Kxd6 59. Kg4 Kc7
60. Kxg5 Kxb7 61. Bxh4 Kc6 62. Bg3 Nc5 63. Kf5 Kd7 64. h4 Ke8 65. Kg6 Nd7 66.
Bd6 Nf8+ 67. Kg7 Ne6+ 68. Kf6 Nd8 69. h5 Nf7 70. Ba3 Nh6 71. Bc1 Nf7 72. Kg7
Nd6 73. Bf4 Nf7 74. Bg3 Ke7 75. Bh4+ Ke6 1/2-1/2

[Event "Olimpiada Calviá 2004"]
[Site "Calviá ESP"]
[Date "2004.10.16"]
[Round "2.13"]
[White "McNab, Colin A"]
[Black "Fernandes, Antonio"]
[Result "1-0"]
[WhiteElo "2434"]
[BlackElo "2431"]
[PlyCount "73"]
[EventDate "2004.10.15"]
[EventType "team"]
[EventRounds "14"]
[EventCountry "ESP"]
[Source "lmi"]
[SourceDate "2004.10.27"]

1. c4 e5 2. Nc3 Nc6 3. Nf3 g6 4. d4 exd4 5. Nxd4 Bg7 6. Nxc6 bxc6 7. g3 Ne7 8.
Bg2 O-O 9. O-O a5 10. Bf4 Ba6 11. c5 Re8 12. Qd2 Nd5 13. Nxd5 cxd5 14. Rfe1 c6
15. Rad1 Qf6 16. Bh3 Ra7 17. e4 dxe4 18. b3 a4 19. Bg5 Qe5 20. Bxd7 Rf8 21.
Bxc6 axb3 22. axb3 Bd3 23. b4 Rc8 24. b5 Qxc5 25. Be3 Bd4 26. Bxd4 Qxd4 27.
Rxe4 Qxe4 28. Bxe4 Bxe4 29. Qe3 Ra4 30. f3 Bf5 31. Qe7 Rc2 32. Qf6 Ra8 33. b6
Re8 34. g4 Bd3 35. b7 h6 36. Qd4 Ba6 37. Qd8 1-0

[Event "Olimpiada Calviá 2004"]
[Site "Calviá ESP"]
[Date "2004.10.16"]
[Round "2.13"]
[White "Dearing, Eddie"]
[Black "Vitor, Antonio"]
[Result "1/2-1/2"]
[WhiteElo "2376"]
[BlackElo "2319"]
[PlyCount "93"]
[EventDate "2004.10.15"]
[EventType "team"]
[EventRounds "14"]
[EventCountry "ESP"]
[Source "lmi"]
[SourceDate "2004.10.27"]

1. d4 Nf6 2. c4 e6 3. Nc3 Bb4 4. Qc2 O-O 5. a3 Bxc3+ 6. Qxc3 Ne4 7. Qc2 f5 8.
Nh3 Nc6 9. f3 Nf6 10. e3 d6 11. Bd3 e5 12. dxe5 Nxe5 13. Be2 Qe8 14. O-O Qc6
15. b3 Qb6 16. Qc3 Ng6 17. Kh1 Bd7 18. Bd2 Rae8 19. Bd3 Ne5 20. Bc2 Nf7 21. Nf4
Qc6 22. Ne2 Qc5 23. Nd4 Qe5 24. f4 Qe7 25. Nxf5 Bxf5 26. Bxf5 Ne4 27. Bxe4 Qxe4
28. Qd4 Qxd4 29. exd4 Re2 30. Rad1 Nh6 31. Rf3 Rfe8 32. Kg1 Nf5 33. d5 Ne3 34.
Bxe3 R8xe3 35. Rd3 Re1+ 36. Kf2 R3e2+ 37. Kg3 Ra1 38. Rde3 Rxe3 39. Rxe3 Rxa3
40. Kf3 a5 41. g4 a4 42. bxa4 Rxa4 43. Rc3 b6 44. Ke3 Kf7 45. Kd3 Kf6 46. h3 g6
47. Ke3 1/2-1/2

[Event "Olimpiada Calviá 2004"]
[Site "Calviá ESP"]
[Date "2004.10.16"]
[Round "2.14"]
[White "Zugic, Igor"]
[Black "Seitaj, Ilir"]
[Result "1/2-1/2"]
[WhiteElo "2479"]
[BlackElo "2398"]
[PlyCount "106"]
[EventDate "2004.10.15"]
[EventType "team"]
[EventRounds "14"]
[EventCountry "ESP"]
[Source "lmi"]
[SourceDate "2004.10.27"]

1. d4 d5 2. c4 e6 3. Nc3 c5 4. cxd5 exd5 5. Nf3 Nc6 6. g3 Nf6 7. Bg2 Be7 8. O-O
O-O 9. dxc5 d4 10. Na4 Bf5 11. Bf4 Be4 12. Rc1 Qd5 13. Qb3 Qxb3 14. axb3 Rad8
15. Rfd1 Bd5 16. Nd2 Bxg2 17. Kxg2 Nd5 18. Nf3 Rfe8 19. Bd2 Bf6 20. Kf1 Rd7 21.
Rc4 Rde7 22. b4 a6 23. Re1 Rd7 24. b3 h6 25. Nb2 g5 26. h3 Kg7 27. Nd3 Kg6 28.
Bc1 h5 29. Bb2 Nc7 30. Rd1 Rdd8 31. h4 gxh4 32. Nf4+ Kf5 33. Nxh5 hxg3 34. Nxf6
Kxf6 35. fxg3 Nd5 36. Kf2 Kg6 37. Rd2 Ne3 38. Rc1 Ng4+ 39. Kf1 Re4 40. Rd3 f6
41. Ke1 Nxb4 42. Rd2 d3 43. Ba3 Nc6 44. Rc3 dxe2 45. Rxe2 Rxe2+ 46. Kxe2 Nge5
47. Nxe5+ fxe5 48. Bb2 Rh8 49. Kf3 Rh1 50. Rd3 Rb1 51. Rd2 Rg1 52. Bc3 Rc1 53.
Rd3 Rb1 1/2-1/2

[Event "Olimpiada Calviá 2004"]
[Site "Calviá ESP"]
[Date "2004.10.16"]
[Round "2.17"]
[White "Campora, Daniel H"]
[Black "Cifuentes Parada, Roberto"]
[Result "1-0"]
[WhiteElo "2549"]
[BlackElo "2540"]
[PlyCount "53"]
[EventDate "2004.10.15"]
[EventType "team"]
[EventRounds "14"]
[EventCountry "ESP"]
[Source "lmi"]
[SourceDate "2004.10.27"]

1. e4 c5 2. Nf3 Nc6 3. Bb5 g6 4. O-O Bg7 5. c3 Nf6 6. Re1 O-O 7. d4 cxd4 8.
cxd4 d5 9. e5 Ne4 10. Nc3 Nxc3 11. bxc3 Bg4 12. Bxc6 bxc6 13. h3 Bxf3 14. Qxf3
Qa5 15. Bg5 f6 16. exf6 exf6 17. Bf4 Rfe8 18. Re3 Qd8 19. Rae1 Qd7 20. Qe2 Rxe3
21. Qxe3 Kf7 22. Qd3 h5 23. Qa6 g5 24. Rb1 Qe8 25. Bb8 Kg6 26. Qb7 Qe4 27. Rc1
1-0

[Event "Olimpiada Calviá 2004"]
[Site "Calviá ESP"]
[Date "2004.10.16"]
[Round "2.17"]
[White "Romero Holmes, Alfonso"]
[Black "Ricardi, Pablo"]
[Result "1/2-1/2"]
[WhiteElo "2514"]
[BlackElo "2548"]
[PlyCount "38"]
[EventDate "2004.10.15"]
[EventType "team"]
[EventRounds "14"]
[EventCountry "ESP"]
[Source "lmi"]
[SourceDate "2004.10.27"]

1. c4 Nc6 2. Nc3 e5 3. g3 g6 4. Bg2 Bg7 5. d3 d6 6. e3 Nh6 7. Nge2 O-O 8. Rb1
Be6 9. b4 Qd7 10. b5 Nd8 11. h3 Kh8 12. g4 a6 13. a4 f5 14. g5 Ng8 15. f4 Ne7
16. Qb3 axb5 17. axb5 Bf7 18. O-O Ne6 19. Na4 Ra7 1/2-1/2

[Event "Olimpiada Calviá 2004"]
[Site "Calviá ESP"]
[Date "2004.10.16"]
[Round "2.18"]
[White "Kveinys, Aloyzas"]
[Black "Kaidanov, Gregory S"]
[Result "1/2-1/2"]
[WhiteElo "2531"]
[BlackElo "2611"]
[PlyCount "46"]
[EventDate "2004.10.15"]
[EventType "team"]
[EventRounds "14"]
[EventCountry "ESP"]
[Source "lmi"]
[SourceDate "2004.10.27"]

1. e4 e5 2. Nf3 Nc6 3. Bb5 a6 4. Ba4 Nf6 5. O-O Be7 6. Re1 b5 7. Bb3 d6 8. c3
O-O 9. h3 a5 10. a4 b4 11. Bc4 Nd7 12. d4 bxc3 13. bxc3 exd4 14. cxd4 Nb6 15.
Bb5 Nb4 16. Nc3 c6 17. Bf1 d5 18. Bf4 dxe4 19. Nxe4 N6d5 20. Bd2 Bf5 21. Rc1
Qb6 22. Qb3 Rab8 23. Bc4 h6 1/2-1/2

[Event "Olimpiada Calviá 2004"]
[Site "Calviá ESP"]
[Date "2004.10.16"]
[Round "2.20"]
[White "Nedev, Trajce"]
[Black "Berkes, Ferenc"]
[Result "1-0"]
[WhiteElo "2528"]
[BlackElo "2630"]
[PlyCount "55"]
[EventDate "2004.10.15"]
[EventType "team"]
[EventRounds "14"]
[EventCountry "ESP"]
[Source "lmi"]
[SourceDate "2004.10.27"]

1. e4 c5 2. Nf3 d6 3. d4 cxd4 4. Nxd4 Nf6 5. Nc3 a6 6. Be3 e6 7. f3 b5 8. g4
Nfd7 9. Qd2 Nb6 10. O-O-O N8d7 11. Bd3 Bb7 12. Qf2 Rc8 13. Nce2 Qc7 14. Kb1 d5
15. e5 Qxe5 16. Nf4 Bc5 17. Rhe1 Na4 18. Nh5 g6 19. f4 Qd6 20. Ng7+ Kd8 21. f5
e5 22. fxg6 Bxd4 23. Bxd4 exd4 24. gxf7 Qb4 25. Ne6+ Ke7 26. f8=Q+ Rcxf8 27.
Nxf8+ Kd6 28. Qg3+ 1-0

[Event "Olimpiada Calviá 2004"]
[Site "Calviá ESP"]
[Date "2004.10.16"]
[Round "2.20"]
[White "Gyimesi, Zoltan"]
[Black "Georgiev, Vladimir"]
[Result "1/2-1/2"]
[WhiteElo "2613"]
[BlackElo "2512"]
[PlyCount "112"]
[EventDate "2004.10.15"]
[EventType "team"]
[EventRounds "14"]
[EventCountry "ESP"]
[Source "lmi"]
[SourceDate "2004.10.27"]

1. d4 d5 2. c4 c6 3. Nf3 Nf6 4. Nc3 a6 5. c5 Nbd7 6. Bf4 Nh5 7. e3 b6 8. cxb6
Qxb6 9. Bd3 Qxb2 10. Rc1 Nxf4 11. exf4 g6 12. O-O Bh6 13. Na4 Qb4 14. g3 O-O
15. Rxc6 Nf6 16. Qb3 a5 17. Qxb4 axb4 18. Nb6 Bh3 19. Nxa8 Bxf1 20. Kxf1 Rxa8
21. Ra6 Rxa6 22. Bxa6 Ne4 23. Ke2 e6 24. Ng1 Nc3+ 25. Kd3 Nxa2 26. Ne2 b3 27.
Bb5 Bg7 28. f3 h5 29. h3 Nc1+ 30. Nxc1 b2 31. Kc2 bxc1=Q+ 32. Kxc1 Bxd4 33. Kd2
Bf2 34. g4 h4 35. Ke2 Bg3 36. f5 Kg7 37. Ke3 g5 38. Bc6 Kf6 39. Be8 Bf4+ 40.
Ke2 Bd6 41. Kd3 Bc5 42. Ke2 Bb6 43. Kd3 exf5 44. gxf5 Ke7 45. Ba4 Kd6 46. Be8
f6 47. Bh5 Ke5 48. Bg4 Ba5 49. Ke3 Bb6+ 50. Kd3 Ba7 51. Kc3 Bg1 52. Kd3 Kf4 53.
Ke2 Ba7 54. Kd3 Kg3 55. Ke2 Bb6 56. Kf1 Bc5 1/2-1/2

[Event "Olimpiada Calviá 2004"]
[Site "Calviá ESP"]
[Date "2004.10.16"]
[Round "2.21"]
[White "Nogueiras, Jesus"]
[Black "Thorhallsson, Throstur"]
[Result "0-1"]
[WhiteElo "2546"]
[BlackElo "2460"]
[PlyCount "96"]
[EventDate "2004.10.15"]
[EventType "team"]
[EventRounds "14"]
[EventCountry "ESP"]
[Source "lmi"]
[SourceDate "2004.10.27"]

1. c4 e6 2. Nf3 d5 3. e3 Nf6 4. d4 dxc4 5. Bxc4 c5 6. Qe2 a6 7. dxc5 Bxc5 8.
O-O b5 9. Bd3 Nbd7 10. a4 bxa4 11. Rxa4 O-O 12. Nc3 Be7 13. Rd1 Qb6 14. e4 Nc5
15. e5 Nxd3 16. Rxd3 Nd5 17. Bg5 f6 18. exf6 Bxf6 19. Bxf6 Nxf6 20. Rad4 Rb8
21. Rd2 Nd5 22. Nxd5 exd5 23. h3 Qf6 24. Ne5 Be6 25. f4 Rb5 26. Kh2 Qh6 27. Qe3
Bc8 28. Nf3 Qb6 29. Qe5 Rf5 30. Qe2 Rf8 31. Qf2 Bf5 32. Ne5 Be6 33. Rc2 Rb4 34.
Nc6 Rxd4 35. Qxd4 Qxd4 36. Nxd4 Bd7 37. Kg3 Rb8 38. f5 Rb4 39. Rd2 Kf7 40. Kf4
Kf6 41. g4 h6 42. h4 g5+ 43. hxg5+ hxg5+ 44. Ke3 Rb8 45. Rh2 Re8+ 46. Kd3 Re4
47. Rh6+ Ke5 48. Rh7 Rxd4+ 0-1

[Event "Olimpiada Calviá 2004"]
[Site "Calviá ESP"]
[Date "2004.10.16"]
[Round "2.21"]
[White "Quezada, Yuniesky"]
[Black "Kristjansson, Stefan"]
[Result "1-0"]
[WhiteElo "2513"]
[BlackElo "2444"]
[PlyCount "61"]
[EventDate "2004.10.15"]
[EventType "team"]
[EventRounds "14"]
[EventCountry "ESP"]
[Source "lmi"]
[SourceDate "2004.10.27"]

1. e4 e6 2. d4 d5 3. Nc3 Bb4 4. e5 Ne7 5. a3 Bxc3+ 6. bxc3 b6 7. Qg4 Ng6 8. h4
h5 9. Qd1 Ba6 10. Bxa6 Nxa6 11. Bg5 f6 12. Qd3 Kf7 13. Rh3 Nb8 14. exf6 gxf6
15. Rf3 Nd7 16. Nh3 Qe7 17. Kf1 e5 18. Qb5 e4 19. Re1 Qd6 20. Bf4 c6 21. Qa6
Nxf4 22. Rxf4 b5 23. a4 bxa4 24. c4 Qb4 25. Qxc6 Qxc4+ 26. Qxc4 dxc4 27. Ng5+
Kg6 28. Nxe4 Rab8 29. Rf3 Rb2 30. Rg3+ Kh6 31. Nd6 1-0

[Event "Olimpiada Calviá 2004"]
[Site "Calviá ESP"]
[Date "2004.10.16"]
[Round "2.24"]
[White "Wall, Gavin"]
[Black "Mortensen, Erling"]
[Result "0-1"]
[WhiteElo "2385"]
[BlackElo "2465"]
[PlyCount "64"]
[EventDate "2004.10.15"]
[EventType "team"]
[EventRounds "14"]
[EventCountry "ESP"]
[Source "lmi"]
[SourceDate "2004.10.27"]

1. e4 c5 2. Nf3 e6 3. c3 d5 4. e5 Nc6 5. d4 Bd7 6. dxc5 Bxc5 7. b4 Bb6 8. Bd3
Nge7 9. Qe2 Ng6 10. b5 Na5 11. h4 h6 12. h5 Ne7 13. Nbd2 Rc8 14. Bb2 O-O 15. g4
Nc4 16. Nxc4 dxc4 17. Bxc4 Nd5 18. g5 hxg5 19. h6 g6 20. Rd1 g4 21. Nd2 g3 22.
Ne4 gxf2+ 23. Kf1 Rxc4 24. Nf6+ Nxf6 25. exf6 Rc5 26. h7+ Kh8 27. c4 Rg5 28.
Bd4 Bxd4 29. Rxd4 Qb6 30. Qd2 Rg1+ 31. Rxg1 fxg1=Q+ 32. Kxg1 e5 0-1